• 首页
  • 本馆介绍
  • 公告通知
  • 最新文献
  • 馆藏检索
  • 电子资源
  • 读者导购
  • 参考咨询
  • 我的图书馆
  • 登录
  • 详细信息显示
  • 放入我的书架
  • 预约/预借图书
  • 作者相关作品
  • 分类相关作品
  • 丛书相关作品
  • 出版社相关作品

书目信息

  • 表格格式
  • 工作单格式
  • 卡片格式
题名:
2025年计算机组成原理考研复习指导
    
 
作者: ;王道论坛组 编
分册:  
出版信息: 北京   电子工业出版社  2024.01
页数: 333页
开本: 20cm
丛书名:
单 册:
中图分类: TP301
科图分类:
主题词: 计算技术 , 电子计算机
电子资源:
ISBN: 7-121-46735-6
000 00694nam0 2200217 450
001 2657464280
005 20260414160041.36
010    @a7-121-46735-6@dCNY71.00
100    @a20260414d2024 km y0chiy0120 ea
101 0  @achi
102    @aCN@b110000
102    @aCN@b110000
200 1  @a2025年计算机组成原理考研复习指导@A2025 Nian Ji Suan Ji Zu Cheng Yuan Li Kao Yan Fu Xi Zhi Dao@f王道论坛组编@FWang Dao Lun Tan Zu Bian
210    @a北京@c电子工业出版社@d2024.01
215    @a333页@d20cm
606 0  @a计算技术
606 0  @a电子计算机
690    @aTP301@v4
711 02 @a王道论坛组@AWang Dao Lun Tan Zu@4编
801  0 @aCN@b大连网信软件有限公司图书馆·11@c20260414
905    @aZUCC@dTP301@e1459
    
    2025年计算机组成原理考研复习指导/王道论坛组编.-北京:电子工业出版社,2024.01
    333页;20cm
    
    
    ISBN 7-121-46735-6:CNY71.00
    
●
相关链接 在E读中查询图书 在五车中查询图书 在当当中查询图书 在豆瓣中查询图书


正题名:2025年计算机组成原理考研复习指导     索取号:TP301/1459         预约/预借

序号 登录号 条形码 馆藏地/架位号 状态 备注
1 1442680   214426806   第二样本阅览室/ [索取号:TP301/1459] 在馆    
唐山师范学院图书馆 欢迎您!
大连网信软件有限公司© 版权所有